One Word Movie Titles #3 - Statistics

General Stats
  • This quiz has been taken 554 times
  • The average score is 14 of 30
Answer Stats
Hint Answer % Correct
Olivia Newton-John and John Travolta have some great summer days and summer nights. Grease
91%
Anthony Hopkins reprises his role as a cannibal, which rhymes with his character's name. Hannibal
89%
A bus can't drive below 50 or it will explode. Speed
87%
A talented rat chef allies with a worker at a French restaurant. Ratatouille
86%
Robin Williams discovers he used to be Peter Pan. Hook
79%
The Eric Bana version of Bruce Banner. Hulk
77%
Ghostface kills teenagers according to the "rules" of horror flicks. Scream
77%
Disney's story of an extremely long-haired heroine. Tangled
74%
A man's love for his partner allows him to remain on earth as a spirit after his death. Ghost
70%
At least three versions of this swinging tale use the same title. They don't mention Jane. Tarzan
66%
A man with AIDS hires a homophobic lawyer to defend his wrongful dismissal suit. Philadelphia
63%
Kevin Costner is a mutated mariner in a world where the icecaps have melted. Waterworld
63%
Angelia Jolie is a CIA agent accused of spying for Russia. Salt
53%
Phillip Seymour Hoffman's Oscar-winning performance as the writer of In Cold Blood. Capote
47%
A young soldier in Vietnam faces a moral crises when confronted with the reality of war. Platoon
47%
When a flight crew becomes ill only an ex-pilot afraid to fly can save them. Airplane!
45%
Two mobsters and a trophy wife fight over a gambling empire. Casino
43%
Assassin Tom Cruise forces taxi diver Jamie Foxx to drive him to his hits. Collateral
35%
An alien invasion restores a pastor's faith in God. Signs
35%
A cartoonist becomes obsessed with tracking down a killer in San Francisco. Zodiac
32%
An interstellar portal in Egypt leads to a planet that worships Ra. Stargate
30%
Baltimore learns about integration through catchy song and dance numbers. Hairspray
27%
Antonio Banderas is embroiled in a war with a local drug runner. Desperado
19%
Nicholas Cage fails to develop The Orchid Thief for the screen. Adaptation
16%
The true story of the Black September aftermath. Munich
15%
A judge fighting the war on drugs discovers his daughter is an addict. Traffic
15%
A misunderstanding, a false accusation and the consequences of WWII haunt a woman's long life. Atonement
12%
A group of bank robbers unknowingly leave a clue for the police at their latest heist. Heat
11%
High school seniors face separation anxiety as their booze-soaked weekend goes awry. Superbad
11%
A mosaic of flowery stories in the San Fernando valley. Magnolia
9%
No matching quizzes found
Score Distribution
Percent of People with Each Score
Percentile by Number Answered
Your Score History
You have not taken this quiz